000 00643na a2200241 4500
001 20398
003 MIRAKIL
005 20181213155223.0
008 170118b tu 000 0
020 _a9757432636
035 _a20398
040 _aMilas
_btur
_cTR-AnCHP
041 _atur
082 _a320.9561
_bT87ç 1995
090 _a320.9561 T87ç 1995
100 _aTuşalp, Erbil
245 _aÇürüme
_cErbil Tuşalp
260 _aİstanbul
_bPapirüs Yayınları
_c1995
300 _a275 s.
_c20 sm.
650 _aSiyasal durum
_xDenemeler
_zTürkiye
650 _aSiyaset ve yönetim
_xDenemeler
_zTürkiye
942 _2ddc
_cBKS
999 _c8750
_d8750